000 00257nam a2200109Ia 4500
008 190216s9999||||xx |||||||||||||| ||und||
100 _aSethunath
245 0 _aSeemantham
260 _bC I C C Book House
650 _aMalayalam Novel-Malayalam
942 _cBK
999 _c26053
_d26053